Production Planning in Automated Manufacturing
Saved in:
| Main Author: | |
|---|---|
| Other Authors: | , |
| Format: | Book |
| Language: | English |
| Published: |
Berlin
Springer
1994
|
| Edition: | 1. ed. |
| Series: | Lecture Notes in Economics and Mathematical Systems
414 |
| Subjects: | |
| Tags: |
No Tags, Be the first to tag this record!
|
MARC
| LEADER | 00000nam a2200000 4500 | ||
|---|---|---|---|
| 001 | c005995 | ||
| 005 | 20221205140947.6 | ||
| 020 | |a 3-540-58082-4 | ||
| 041 | 0 | |a eng | |
| 044 | |a DE | ||
| 245 | 1 | 0 | |a Production Planning in Automated Manufacturing |c Yves Crama, Alwin Oerlemans, Frits Spieksma |
| 250 | |a 1. ed. | ||
| 264 | 1 | |a Berlin |b Springer |c 1994 | |
| 300 | |a 210 s. | ||
| 490 | 1 | |a Lecture Notes in Economics and Mathematical Systems |v 414 | |
| 830 | 0 | |a Lecture Notes in Economics and Mathematical Systems |v 414 | |
| 610 | 2 | 0 | |a výroba automatizovaná |
| 610 | 2 | 0 | |a plánovanie výroby |
| 610 | 2 | 0 | |a zamestnanosť |
| 610 | 2 | 0 | |a algoritmy |
| 100 | 1 | |a Crama, Yves | |
| 700 | 1 | |a Oerlemans, Alwin | |
| 700 | 1 | |a Spieksma, Frits | |